000 00364nam a2200145Ia 4500
008 231129s2001||||xx |||||||||||||| ||spa||
020 _a958-04-6152-X
040 _bspa
082 _a324.73 V547c
100 _aVeron Eliseo
245 0 _aEl cuerpo de las imagenes
260 _c2001
264 _aNorma
942 _2ddc
_cBKS
999 _c10741
_d10741